The legislature drafter's Desk Reference (Record no. 260)
[ view plain ]
| 000 -LEADER | |
|---|---|
| fixed length control field | 00452nam a22001457a 4500 |
| 008 - FIXED-LENGTH DATA ELEMENTS--GENERAL INFORMATION | |
| fixed length control field | 230605b xxu||||| |||| 00| 0 eng d |
| 020 ## - INTERNATIONAL STANDARD BOOK NUMBER | |
| International Standard Book Number | 9780872894112 |
| 082 ## - DEWEY DECIMAL CLASSIFICATION NUMBER | |
| Classification number | 328.73077320 |
| Item number | FIL |
| 100 ## - MAIN ENTRY--PERSONAL NAME | |
| Titles and words associated with a name | Lawrence E. filson |
| 245 ## - TITLE STATEMENT | |
| Title | The legislature drafter's Desk Reference |
| Remainder of title | second Edition |
| Statement of responsibility, etc. | Best practices in drafting federal and stste Laws and regulations |
| 260 ## - PUBLICATION, DISTRIBUTION, ETC. (IMPRINT) | |
| Place of publication, distribution, etc. | washinton DC |
| 300 ## - PHYSICAL DESCRIPTION | |
| Extent | 583p |
| 700 ## - ADDED ENTRY--PERSONAL NAME | |
| Titles and other words associated with a name | Sandra l. strokoff |
| 942 ## - ADDED ENTRY ELEMENTS (KOHA) | |
| Source of classification or shelving scheme | Dewey Decimal Classification |
| Koha item type | Books |
| Withdrawn status | Lost status | Source of classification or shelving scheme | Damaged status | Not for loan | Home library | Current library | Date acquired | Total Checkouts | Full call number | Barcode | Date last seen | Price effective from | Koha item type |
|---|---|---|---|---|---|---|---|---|---|---|---|---|---|
| Dewey Decimal Classification | Bunge Tower Library | Bunge Tower Library | 06/05/2023 | 328.73077320 FIL | 1000136 | 06/05/2023 | 06/05/2023 | Books |
